00596nam a2200217Ia 450000500170000000800410001702000120005804000190007004100120008908200150010110000120011624500770012825000130020526000290021830000090024744000250025665000260028165100240030770000360033185000110036720231223095055.0131103s9999 xx 000 0 und d cRs.6.00 aLoreto College aEnglish a891.2bKAL aKalidas aKalidasher Granthabali, cKalidas ; Edited by Rajendranath Bidyabhushan a11th ed. aCalcuttabBasumatic1372 aV.1  aBasumati granthabali aKalidas - collection aSanskrit literature aBidyabhusan, Rajendranath ; ed. aLCLIB